LEADER 01079nas a2200253 i 4500 001 000000240527 003 CaOOAMICUS 005 20150608000000.0 008 150331b2014 it uu u0 0ita r 013 $a219432 020 $a978-88-7094-876-9 040 $aSeMil$bita 245 10$a"Stranierità" nomadismo dell'anima :$bviaggio in cerca d'identità tra letteratura e teologie /$cClaudio Monge (ed.) 260 $aBologna :$bESD,$c2014 (copyr. 2015) 300 $a143 p. ;$c21 cm. 500 $aIn occhietto : Sacra Doctrina Monografia. 700 1 $aMonge, Claudio.$0(OLS)http://semarc/name/47620 774 0 $t[vedi periodico].$w()285650 850 $aSeMil 852 $aSeMil$W1$xVenegono$y1$m232 4 100$j190873$B190873$CSeMilBibl$Z2$F203663 $85 961 $aCambio: Scuola Cattolica 996 $6020$a978-88-7094-876-9$9(OLS)http://semarc/number/246798 996 $6245$a"Stranierità" nomadismo dell'anima :$bviaggio in cerca d'identità tra letteratura e teologie$9(OLS)http://semarc/title/342062 996 $6260$aBologna :$bESD$9(OLS)http://semarc/publisher/30112 LEADER 01335nam a2200289 i 4500 001 000000180037 003 CaOOAMICUS 005 20090619000000.0 008 090619s2009 gw u000 u ger u 013 $a157676 020 $a978-3-451-02235-7 040 $aSeMil$bita 100 1 $aMiggelbrink, Ralf <1959- >.$0(OLS)http://semarc/name/55853 245 10$aLebensfülle :$bfür die Wiederentdeckung einer theologischen Kategorie /$cRalf Miggelbrink. 260 $aFreiburg ; Basel ; Wien :$bHerder,$c2009. 300 $a264 p. ;$c22 cm. 490 0 $aQuaestiones disputatae ;$v235 650 4$aAntropologia teologica.$0(OLS)http://semarc/subject/2114 650 4$aVita - Concezione cristiana.$0(OLS)http://semarc/subject/10948 650 4$aTeologia e economia.$0(OLS)http://semarc/subject/34219 830 0$aQuaestiones disputatae ;$v235.$0(OLS)http://semarc/title/436628 850 $aSeMil 852 $aSeMil$W1$xVenegono$y1$m2M I 587$j130789$B130789$CSeMilBibl$Z2$F142359 $81 961 $aSottoscrizione: Herder 996 $6020$a978-3-451-02235-7$9(OLS)http://semarc/number/169326 996 $6245$aLebensfülle :$bfür die Wiederentdeckung einer theologischen Kategorie$9(OLS)http://semarc/title/258530 996 $6260$aFreiburg ; Basel ; Wien :$bHerder$9(OLS)http://semarc/publisher/29643